01264cam a2200181 a 4500020002500000020002200025020001800047082001700065245001900082250001500101260005800116300002600174500003800200520077900238650002201017650002201039700002101061 a9780495114789 (pbk.) a0495114782 (pbk.) a9788131505762 a543.0877 PAV00aSpectroscopy / aIndian ed. aBelmont, CA :bBrooks/Cole, Cengage Learning,cc2007. axv, 690, p. :bill. ; aPrevious ed. entered under Pavia.1 a"Pavia/Lampman/Kriz/Vyvyan's Introduction to Spectroscopy, 4e, is a comprehensive resource that provides a systematic introduction to spectra and basic theoretical concepts in spectroscopic methods that creates a practical learning resource, whether you're an introductory student or someone who needs a reliable reference text on spectroscopy." "This introduction features updated spectra, a modernized presentation of one-dimensional Nuclear Magnetic Resonance (NMR) spectroscopy, the introduction of biological molecules in mass spectrometry, and inclusion of modern techniques alongside DEPT, COSY, and HECTOR. Count on this book's exceptional presentation to provide the comprehensive coverage needed to truly understand today's spectroscopic techniques."--BOOK JACKET. 0aSpectrum analysis 0aOrganic compounds1 aPavia, Donald L.